| 000 | 01026nam0a22002531 4500 | ||
|---|---|---|---|
| 001 | rc\790189 | ||
| 005 | 20040301143546.1 | ||
| 035 | _a(NLR Aleph) 006315495 | ||
| 090 |
_a7396747 _c7396747 |
||
| 100 | _a20040301d1983 u |0rusy50 ca | ||
| 101 | 0 | _arus | |
| 102 | _aRU | ||
| 105 | _ay ||||||||| | ||
| 200 | 1 |
_aДиспансеризация, профилактика и некоторые виды лечения ишемической болезни сердца _e(Сб. науч. тр.) _fМ-во здравоохранения СССР, 4-е гл. упр. _gПод ред. В.С. Гасилина |
|
| 210 |
_aМ. _cБ. и. _d1983 |
||
| 215 |
_a151 с. _d21 |
||
| 320 | _aБиблиогр. в конце ст. | ||
| 702 | 1 |
_aГасилин _bВ. С. _gВладимир Сергеевич _4340 |
|
| 712 | 0 | 1 |
_aСССР _bМ-во здравоохранения _bГлавное упр. _c4 _3RU\NLR\AUTH\889996001 |
| 801 | 0 |
_aRU _bNLR _gpsbo |
|
| 801 | 1 |
_aRU _bELAR _2rusmarc |
|
| 852 |
_aNLR _j84-5/6104 |
||
| 942 | _cBOOK | ||
| 980 | _aNB | ||